Беспокойная жизнь одинокой женщины: повести и рассказы

书目详细资料
主要作者: Метлицкая М. Мария
总结:Хлопотливые домохозяйки и жестокие акулы шоу-бизнеса, красавицы и дурнушки, роковые женщины и тихие простушки — героини этой книги совсем не похожи друг на друга. Но есть то, что их объединяет: извечная, самой природой заложенная потребность отдавать свою любовь близким — мужчинам, детям, родителям. Но как быть, если твоя любовь никому не нужна? Если еда, приготовленная твоими руками, без дела стоит в холодильнике и некому оценить чистоту до блеска убранного дома? Если некого утешить? Если в тебе никто не нуждается? Женщина не может, не должна быть одинокой — героини этой книги пытаются переломить свою судьбу. Некоторым это удается...
语言:俄语
出版: Москва, Эксмо, 2011
丛编:За чужими окнами. Проза М. Метлицкой
主题:
格式: MixedMaterials 图书
KOHA link:https://koha.lib.tpu.ru/cgi-bin/koha/opac-detail.pl?biblionumber=232628

MARC

LEADER 00000nam0a2200000 4500
001 232628
005 20231031203357.0
010 |a 9785699510559 
035 |a (RuTPU)RU\TPU\book\253681 
035 |a RU\TPU\book\253680 
090 |a 232628 
100 |a 20130215d2011 m y0rusy50 ca 
101 0 |a rus 
102 |a RU 
105 |a y z 000ay 
200 1 |a Беспокойная жизнь одинокой женщины  |e повести и рассказы  |f М. Метлицкая 
210 |a Москва  |c Эксмо  |d 2011 
215 |a 316 с. 
225 1 |a За чужими окнами. Проза М. Метлицкой 
330 |a Хлопотливые домохозяйки и жестокие акулы шоу-бизнеса, красавицы и дурнушки, роковые женщины и тихие простушки — героини этой книги совсем не похожи друг на друга. Но есть то, что их объединяет: извечная, самой природой заложенная потребность отдавать свою любовь близким — мужчинам, детям, родителям. Но как быть, если твоя любовь никому не нужна? Если еда, приготовленная твоими руками, без дела стоит в холодильнике и некому оценить чистоту до блеска убранного дома? Если некого утешить? Если в тебе никто не нуждается? Женщина не может, не должна быть одинокой — героини этой книги пытаются переломить свою судьбу. Некоторым это удается... 
610 1 |a русская литература 
610 1 |a повести 
610 1 |a рассказы 
610 1 |a проза 
675 |a Р2  |v 3 
700 1 |a Метлицкая  |b М.  |g Мария 
801 1 |a RU  |b 63413507  |c 20120227 
801 2 |a RU  |b 63413507  |c 20130219  |g RCR 
942 |c BK